Manual de Propedéutica quirúrgica / (Record no. 126638)
[ view plain ]
| 000 -LEADER | |
|---|---|
| campo de control de longitud fija | 00549nam a2200169 4500 |
| 001 - NÚMERO DE CONTROL | |
| campo de control | 126638 |
| 003 - IDENTIFICADOR DE NÚMERO DE CONTROL | |
| campo de control | ES-MaACL |
| 005 - FECHA Y HORA DE LA ÚLTIMA TRANSACCIÓN | |
| campo de control | 20230906192843.0 |
| 007 - CAMPO FIJO DE DESCRIPCIÓN FÍSICA--INFORMACIÓN GENERAL | |
| campo de control de longitud fija | t| |
| 008 - DATOS DE LONGITUD FIJA--INFORMACIÓN GENERAL | |
| campo de control de longitud fija | 070214s1932 sp r ||||1| spa d |
| 100 1# - ENTRADA PRINCIPAL--NOMBRE DE PERSONA | |
| Nombre de persona | Resa, Rafael. |
| 9 (RLIN) | 96311 |
| 245 10 - MENCIÓN DEL TÍTULO | |
| Título | Manual de Propedéutica quirúrgica / |
| Mención de responsabilidad, etc. | por el Doctor Rafael Resa ; prólogo del Profesor Dionosisio Herrero. |
| 260 ## - PUBLICACIÓN, DISTRIBUCIÓN, ETC. | |
| Lugar de publicación, distribución, etc. | Madrid : |
| Nombre del editor, distribuidor, etc. | [s. n.], |
| Fecha de publicación, distribución, etc. | 1932 ( |
| Fabricante | Imp. Sèz Hermanos) |
| 300 ## - DESCRIPCIÓN FÍSICA | |
| Extensión | X, 1 h., 363 p. : |
| Otras características físicas | il. ; |
| Dimensiones | 25 cm. |
| 700 1# - ENTRADA AGREGADA--NOMBRE PERSONAL | |
| Nombre de persona | Herrero, Dionisio. |
| 9 (RLIN) | 63262 |
| 852 ## - LOCALIZACIÓN | |
| Ubicación | ES-MaACL |
| Número de control de estantería | E-1368 |
| Estatus retirado | Estado de pérdida | Estado de daño | No para préstamo | Biblioteca de origen | Biblioteca actual | Ubicación en estantería | Fecha de adquisición | Fuente de adquisición | Total de préstamos | Signatura topográfica completa | Código de barras | Visto por última vez | Precio de reemplazo | Tipo de ítem Koha |
|---|---|---|---|---|---|---|---|---|---|---|---|---|---|---|
| Biblioteca del Ateneo de Madrid | Biblioteca del Ateneo de Madrid | Depósito 2 | 17/01/2008 | E-1368 | 1131904 | 23/02/2023 | 23/02/2023 | Libro impreso |
